[Event "Dhaka Elegant Aspirant 2nd"]
[Site "Dhaka"]
[Date "2024.02.25"]
[Round "6"]
[White "Aradhya, Garg"]
[Black "Mohammad Fahad, Rahman"]
[Result "1/2-1/2"]
[WhiteElo "2392"]
[BlackElo "2418"]
[PlyCount "69"]
[EventDate "2024.02.21"]
[EventType "tourn"]
[EventRounds "9"]
[EventCountry "BAN"]
[EventCategory "6"]
[SourceTitle "CB10_2024"]
[SourceDate "2024.03.06"]
[SourceVersion "1"]
[SourceVersionDate "2024.03.06"]
[SourceQuality "1"]

1. d4 d5 2. c4 e6 3. Nf3 Nf6 4. Nc3 c6 5. e3 Nbd7 6. Qc2 Bd6 7. Bd3 0-0 8. 0-0 dxc4 9. Bxc4 a6 10. a4 c5 11. a5 cxd4 12. exd4 b5 13. axb6 Nxb6 14. Bd3 Bb7 15. Qe2 a5 16. Bg5 Nbd5 17. Ne5 Be7 18. Rfd1 h6 19. Bxf6 Nxf6 20. Bc4 Bb4 21. d5 exd5 22. Nxd5 Nxd5 23. Qf3 Qc7 24. Bxd5 Qxe5 25. Bxb7 Rad8 26. b3 Rd6 27. Rac1 Bd2 28. Rc6 Rfd8 29. Rxd6 Rxd6 30. g3 g6 31. Qe4 Qb5 32. Qc2 Qxb7 33. Rxd2 Rxd2 34. Qxd2 Qxb3 35. Qxa5 1/2-1/2

[Event "Dhaka Elegant Aspirant 2nd"]
[Site "Dhaka"]
[Date "2024.02.23"]
[Round "4"]
[White "Mohammad Fahad, Rahman"]
[Black "Setyaki, Azarya Jodi"]
[Result "1-0"]
[WhiteElo "2418"]
[BlackElo "2400"]
[PlyCount "75"]
[EventDate "2024.02.21"]
[EventType "tourn"]
[EventRounds "9"]
[EventCountry "BAN"]
[EventCategory "6"]
[SourceTitle "CB10_2024"]
[SourceDate "2024.03.06"]
[SourceVersion "1"]
[SourceVersionDate "2024.03.06"]
[SourceQuality "1"]

1. e4 e5 2. Nf3 Nc6 3. Bb5 a6 4. Ba4 Nf6 5. 0-0 d6 6. Bxc6+ bxc6 7. d4 exd4 8. Nxd4 c5 9. Nc6 Qd7 10. Na5 Qa4 11. Bd2 Be7 12. Re1 Bg4 13. f3 Be6 14. Kh1 0-0 15. b3 Qd7 16. Nc3 c6 17. Na4 Qc7 18. Qe2 d5 19. e5 Nd7 20. f4 Bf5 21. c4 f6 22. e6 Nb6 23. Nc3 Bg6 24. Qf3 Nc8 25. f5 Be8 26. Ne2 Bd6 27. cxd5 cxd5 28. Qxd5 Rb8 29. h3 Ne7 30. Qf3 Rb5 31. Nc4 Bc6 32. Qg4 Be5 33. Rad1 Qb7 34. Nf4 Bxf4 35. Bxf4 h5 36. Qe2 Nxf5 37. e7 Nxe7 38. Nd6 1-0

[Event "Hanoi GM 11"]
[Site "Hanoi"]
[Date "2023.12.02"]
[Round "6"]
[White "Mohammad Fahad, Rahman"]
[Black "Cao, Sang"]
[Result "1-0"]
[WhiteElo "2399"]
[BlackElo "2376"]
[PlyCount "75"]
[EventDate "2023.11.29"]
[EventType "tourn"]
[EventRounds "9"]
[EventCountry "VIE"]
[EventCategory "6"]
[SourceTitle "CB50_2023"]
[SourceDate "2023.12.13"]
[SourceVersion "1"]
[SourceVersionDate "2023.12.13"]
[SourceQuality "1"]

1. d4 Nf6 2. c4 e6 3. Nf3 b6 4. a3 Ba6 5. Qc2 c5 6. d5 exd5 7. cxd5 d6 8. Nc3 g6 9. h4 Bg7 10. h5 Nxh5 11. g4 Nf6 12. Bh6 Bxh6 13. Rxh6 Bc8 14. g5 Ng4 15. Rh4 0-0 16. Bh3 h5 17. Ne4 Re8 18. Bxg4 Rxe4 19. Bxc8 Rxh4 20. Be6 Kg7 21. Nxh4 Qxg5 22. Nf3 Qf6 23. Bc8 a6 24. Qc3 Ra7 25. Nd2 Nd7 26. Nc4 Qxc3+ 27. bxc3 Nf6 28. Nxb6 Ne4 29. Rc1 Kf6 30. f3 Ng3 31. Kf2 h4 32. Nc4 Ra8 33. Bb7 Rb8 34. Bxa6 Ke7 35. a4 f5 36. Bb5 f4 37. Kg2 g5 38. Kh3 1-0

[Event "Qatar Masters op"]
[Site "Doha"]
[Date "2023.10.17"]
[Round "6"]
[White "Mohammad Fahad, Rahman"]
[Black "Sandipan, Chanda"]
[Result "1/2-1/2"]
[WhiteElo "2396"]
[BlackElo "2496"]
[PlyCount "67"]
[EventDate "2023.10.11"]
[EventType "swiss"]
[EventRounds "9"]
[EventCountry "QAT"]
[SourceTitle "Mega2024 Update 01"]
[Source "Chessbase"]
[SourceDate "2023.11.12"]
[SourceVersion "1"]
[SourceVersionDate "2023.11.12"]
[SourceQuality "1"]

1. d4 f5 2. Nf3 Nf6 3. g3 g6 4. Bg2 Bg7 5. 0-0 0-0 6. c4 e6 7. Nc3 d5 8. cxd5 exd5 9. Bg5 c6 10. b4 Qd6 11. b5 Ne4 12. Rc1 Be6 13. Na4 cxb5 14. Nc5 Nd7 15. Bf4 Qe7 16. Nxe6 Qxe6 17. Qb3 Nb6 18. Qxb5 Rfc8 19. Ng5 Qe8 20. Qb3 Kh8 21. Nxe4 dxe4 22. d5 Be5 23. Bg5 Qf7 24. f3 Rxc1 25. Bxc1 exf3 26. Bxf3 Qg7 27. Rd1 Nc8 28. d6 Nxd6 29. Rd5 Rc8 30. Ba3 Nf7 31. Qxb7 Rd8 32. Kg2 Rxd5 33. Bxd5 Nd8 34. Qe7 1/2-1/2

[Event "Qatar Masters op"]
[Site "Doha"]
[Date "2023.10.12"]
[Round "2"]
[White "Karamsetty, Jeevan"]
[Black "Mohammad Fahad, Rahman"]
[Result "1/2-1/2"]
[WhiteElo "2300"]
[BlackElo "2396"]
[PlyCount "74"]
[EventDate "2023.10.11"]
[EventType "swiss"]
[EventRounds "9"]
[EventCountry "QAT"]
[SourceTitle "Mega2024 Update 01"]
[Source "Chessbase"]
[SourceDate "2023.11.12"]
[SourceVersion "1"]
[SourceVersionDate "2023.11.12"]
[SourceQuality "1"]

1. e4 c5 2. Nc3 Nc6 3. Bb5 Nd4 4. Bc4 e6 5. Nge2 Nf6 6. 0-0 a6 7. a4 d5 8. exd5 exd5 9. Ba2 Bg4 10. h3 Bxe2 11. Nxe2 Ne6 12. Re1 Bd6 13. d4 0-0 14. Be3 c4 15. c3 Qc7 16. Bb1 Rfe8 17. Qd2 Nh5 18. Bf5 Nf6 19. f4 Re7 20. Rf1 Rae8 21. Rf3 Nf8 22. Raf1 Ne4 23. Bxe4 Rxe4 24. Ng3 Rxe3 25. Rxe3 Bxf4 26. Nf5 Bxe3+ 27. Nxe3 Qd7 28. Nf5 Ne6 29. Qf2 Ng5 30. Nxg7 Nxh3+ 31. gxh3 Kxg7 32. Qf6+ Kg8 33. Qg5+ Kf8 34. Qh6+ Kg8 35. Qg5+ Kf8 36. Qh6+ Kg8 37. Qg5+ Kf8 1/2-1/2

[Event "Asian Games tt"]
[Site "Hangzhou"]
[Date "2023.10.07"]
[Round "9.18"]
[White "Zhalmakhanov, Ramazan"]
[Black "Mohammad Fahad, Rahman"]
[Result "1-0"]
[WhiteElo "2447"]
[BlackElo "2396"]
[PlyCount "91"]
[EventDate "2023.09.29"]
[EventType "team-tourn"]
[EventRounds "9"]
[EventCountry "CHN"]
[SourceTitle "EXT 2024"]
[Source "ChessBase"]
[SourceDate "2023.10.10"]
[SourceVersion "1"]
[SourceVersionDate "2023.10.10"]
[SourceQuality "1"]
[WhiteTeam "Kazakhstan"]
[BlackTeam "Bangladesh"]
[WhiteTeamCountry "KAZ"]
[BlackTeamCountry "BAN"]

1. d4 d5 2. Bf4 c5 3. Nc3 Nf6 4. e3 a6 5. dxc5 Nc6 6. a3 h6 7. Na4 e5 8. Bg3 Be6 9. Nf3 Ne4 10. b4 Qf6 11. Nd2 Nxg3 12. hxg3 Rd8 13. c4 d4 14. e4 Be7 15. Bd3 Qg6 16. Nb6 h5 17. Nd5 Bg5 18. Nf3 Bg4 19. Be2 Bf6 20. Nd2 Rh6 21. Qb3 Bg5 22. Qd3 Kf8 23. 0-0-0 a5 24. f4 Be7 25. Bxg4 hxg4 26. Kb2 axb4 27. axb4 Qh7 28. Rxh6 Qxh6 29. Nb3 Qh2 30. b5 Nb8 31. fxe5 Bg5 32. Qf1 Re8 33. Qh1 Qxh1 34. Rxh1 Kg8 35. Nxd4 Rxe5 36. c6 bxc6 37. bxc6 Nxc6 38. Nxc6 Rxe4 39. Kc3 Re2 40. Rg1 f5 41. Nd4 Rf2 42. c5 Bd8 43. c6 Kf7 44. Ra1 Rxg2 45. Ra7+ Ke8 46. Nxf5 1-0

[Event "Asian Games"]
[Site "Hangzhou"]
[Date "2023.09.25"]
[Round "4"]
[White "Markov, Mikhail2222"]
[Black "Mohammad Fahad, Rahman"]
[Result "0-1"]
[WhiteElo "2292"]
[BlackElo "2396"]
[PlyCount "60"]
[EventDate "2023.09.24"]
[EventType "swiss (rapid)"]
[EventRounds "9"]
[EventCountry "CHN"]
[SourceTitle "EXT 2024"]
[Source "ChessBase"]
[SourceDate "2023.10.10"]
[SourceVersion "1"]
[SourceVersionDate "2023.10.10"]
[SourceQuality "1"]

1. c4 c6 2. Nf3 d5 3. e3 Nf6 4. Nc3 e6 5. d4 Nbd7 6. Bd3 dxc4 7. Bxc4 b5 8. Bd3 Bd6 9. e4 e5 10. d5 cxd5 11. exd5 b4 12. Ne4 Nxe4 13. Bxe4 0-0 14. 0-0 Nc5 15. Re1 Bg4 16. h3 Bh5 17. g4 f5 18. Bc2 fxg4 19. Ng5 Be7 20. Bxh7+ Kh8 21. hxg4 Bxg5 22. Rxe5 Bxc1 23. Rxc1 Be8 24. Bb1 Qh4 25. Qe2 Nd7 26. Re3 Nf6 27. Rg3 Bd7 28. Qd3 Kg8 29. Kg2 Nxg4 30. f3 Qh2+ 0-1

[Event "Titled Tuesday intern op 25th Jul Early"]
[Site "Chess.com INT"]
[Date "2023.07.25"]
[Round "8"]
[White "Mohammad Fahad, Rahman"]
[Black "Aditya, Varun Gampa"]
[Result "0-1"]
[WhiteElo "2428"]
[BlackElo "2299"]
[PlyCount "110"]
[EventDate "2023.07.25"]
[EventType "swiss (blitz)"]
[EventRounds "11"]
[EventCountry "USA"]
[SourceTitle "EXT 2024"]
[Source "ChessBase"]
[SourceDate "2023.10.10"]
[SourceVersion "1"]
[SourceVersionDate "2023.10.10"]
[SourceQuality "1"]

1. d4 Nf6 2. c4 e6 3. Nf3 d5 4. Nc3 Bb4 5. Bg5 dxc4 6. e4 c5 7. d5 exd5 8. e5 Be6 9. exf6 gxf6 10. Bd2 Nc6 11. a3 Ba5 12. Ne2 Bc7 13. Nf4 Qe7 14. Nxe6 Qxe6+ 15. Qe2 0-0-0 16. 0-0-0 b5 17. Re1 Qd7 18. Qd1 a5 19. g3 b4 20. h4 Kb8 21. Qa4 Nd4 22. Qxd7 Nb3+ 23. Kc2 Rxd7 24. Bh3 Rdd8 25. axb4 axb4 26. Bh6 d4 27. Bg7 d3+ 28. Kb1 c3 29. Bxf6 c2+ 30. Ka2 c4 31. Re4 d2 32. Nxd2 Nxd2 33. Rg4 b3+ 34. Ka3 Kb7 35. Bc3 Bd6+ 36. Ka4 Nb1 37. Bd4 Ra8+ 38. Kb5 Nd2 39. Bg2+ Kc7 40. Bxa8 Rb8+ 41. Ka4 Rxa8+ 42. Kb5 Rb8+ 43. Ka5 Bb4+ 44. Ka4 Bd6 45. Rg7 Kc6 46. Rxf7 Ra8+ 47. Ra7 Re8 48. Ra6+ Kd5 49. Be3 Ne4 50. Ra5+ Kc6 51. Ra6+ Kc7 52. Bb6+ Kb7 53. Ra5 Kxb6 54. Rd5 Ra8+ 55. Ra5 Rxa5# 0-1

[Event "Titled Tuesday intern op 25th Jul Early"]
[Site "Chess.com INT"]
[Date "2023.07.25"]
[Round "11"]
[White "Mohammad Fahad, Rahman"]
[Black "Ljukin, Sergei"]
[Result "0-1"]
[WhiteElo "2428"]
[BlackElo "2362"]
[PlyCount "42"]
[EventDate "2023.07.25"]
[EventType "swiss (blitz)"]
[EventRounds "11"]
[EventCountry "USA"]
[SourceTitle "EXT 2024"]
[Source "ChessBase"]
[SourceDate "2023.10.10"]
[SourceVersion "1"]
[SourceVersionDate "2023.10.10"]
[SourceQuality "1"]

1. d4 d5 2. c4 c6 3. Nc3 Nf6 4. Nf3 dxc4 5. a4 Bf5 6. Ne5 Na6 7. f3 Nd7 8. Nxc4 e5 9. e4 exd4 10. Qxd4 Nb4 11. Nd6+ Bxd6 12. Qxd6 Nc2+ 13. Kf2 Nxa1 14. exf5 Qe7 15. Qd1 Qb4 16. Ne4 0-0-0 17. Bf4 Nf6 18. Nd6+ Rxd6 19. Bxd6 Qxb2+ 20. Be2 Nc2 21. Be7 Re8 0-1

[Event "Thailand op"]
[Site "Chiangmai"]
[Date "2023.06.29"]
[Round "2"]
[White "Mohammad Fahad, Rahman"]
[Black "Nguyen, Quoc Hy"]
[Result "1-0"]
[WhiteElo "2424"]
[BlackElo "2337"]
[PlyCount "77"]
[EventDate "2023.06.28"]
[EventType "swiss"]
[EventRounds "9"]
[EventCountry "THA"]
[SourceTitle "CBM 215 Extra"]
[Source "ChessBase"]
[SourceDate "2023.09.30"]
[SourceVersion "1"]
[SourceVersionDate "2023.09.30"]
[SourceQuality "1"]

1. d4 d5 2. c4 e6 3. Nc3 c6 4. e4 dxe4 5. Nxe4 Bb4+ 6. Bd2 Qxd4 7. Bxb4 Qxe4+ 8. Be2 c5 9. Bxc5 Qxg2 10. Bf3 Qg5 11. Qd6 Nd7 12. Ba3 Ne7 13. Be4 f5 14. Nf3 Qf6 15. Bc2 e5 16. 0-0-0 e4 17. Nd4 Ne5 18. Nb5 Be6 19. b3 Ng4 20. Kb1 Kf7 21. Qc7 Rhf8 22. h4 Rfb8 23. Rd2 a6 24. Nd6+ Kg8 25. Nxb7 Ng6 26. Nc5 N6e5 27. Bb2 Rc8 28. Qa5 Qe7 29. Nxe6 Qxe6 30. Rhd1 h6 31. Rd6 Qe7 32. Qd5+ Kh8 33. Re6 Qxh4 34. Bxe5 Qxf2 35. Bxg7+ Kxg7 36. Qb7+ Kh8 37. Rd7 Qa7 38. Rh7+ Kg8 39. Rg6+ 1-0

[Event "Thailand op"]
[Site "Chiangmai"]
[Date "2023.06.29"]
[Round "3"]
[White "Siddharth, Jagadeesh"]
[Black "Mohammad Fahad, Rahman"]
[Result "1/2-1/2"]
[WhiteElo "2397"]
[BlackElo "2424"]
[PlyCount "41"]
[EventDate "2023.06.28"]
[EventType "swiss"]
[EventRounds "9"]
[EventCountry "THA"]
[SourceTitle "CBM 215 Extra"]
[Source "ChessBase"]
[SourceDate "2023.09.30"]
[SourceVersion "1"]
[SourceVersionDate "2023.09.30"]
[SourceQuality "1"]

1. d4 d5 2. c4 e6 3. Nf3 c6 4. e3 Nf6 5. Nc3 Nbd7 6. Qc2 Bd6 7. Bd3 0-0 8. 0-0 dxc4 9. Bxc4 a6 10. e4 b5 11. e5 bxc4 12. exd6 Nb6 13. Bg5 Qxd6 14. Bxf6 gxf6 15. Qc1 Qe7 16. Qh6 f5 17. Rfe1 f6 18. Rac1 Ra7 19. Ne2 Qd6 20. Qf4 Rd8 21. Qh4 1/2-1/2